Quizzes
Events
Quiz Creation
Community
Videos
Private Events
Remove Ads
Sign In
Join for FREE
Feedback
Dark Mode
Quiz Categories
Sports
Geography
Music
Movies
Television
Just For Fun
Miscellaneous
History
Literature
Language
Science
Gaming
Entertainment
Religion
Holiday
For Kids
Quiz Lab
Recent
Popular Today
Quiz Kudos Today
Editor Picks
Curator Picks
Quizzes by...
Day
Popularity
Type
Ratings
Length
Year
Community
Subscriptions
Recent Discussions
Orange Saloon
Badges
Playlists
Quests
Create
Leaderboards
Showdown
Live 5
Trivia Bingo
Activity
Puzzle Library
Sporcle Events
Private Events
Virtual Trivia
Globe League
Become a Host
Pub Owners
SporcleCon
Opinionation
Our Games
Videos
Blog
Mobile Apps
Partnerships
Remove Ads and Go Orange
Feedback
Literature
Harry Potter
A Song of Ice and Fire
The Hunger Games
Literary Character
Shakespeare
Book
Author
Novel
Poem
Young Adult
Children's Books
Play
Lord of the Rings
Literature
Harry Potter
A Song of Ice and Fire
The Hunger Games
Literary Character
Shakespeare
Book
Author
Novel
Poem
Young Adult
Children's Books
Play
Lord of the Rings
Random Quiz
Search Sporcle
×
Quiz Lab
Quiz Lab
Literature
Harry Potter
Type in answers that appear in a list
Type in answers that appear in a list
Classic
Best Score? Go Orange.
First Characters in Each Chapter - Order of the Phoenix Stats
Can you name the first three characters named in each chapter of Harry Potter and the Order of the Phoenix?
By
dudemanbearpig
11m
114 Questions
1,719 Plays
1,719 Plays
1,719 Plays
Comments
Comments
Give Quiz Kudos
Give Quiz Kudos
-
- Ratings
hide this ad
Replay
Link that replays current quiz
Next Quiz
Link to next quiz in quiz playlist
You Got
0%
They Got
Avg Score
90%
Avg Friend Score
Upgrade to see
Score Distribution
Jump to the score distribution portion of the page
Score
0/114
Timer
11:00
0
Plays Today
Chapter
Characters
% Correct
Dudley Demented
Harry Potter
99.5%
A Peck of Owls
Harry Potter
99.5%
The Advance Guard
Harry Potter
99.5%
Number Twelve, Grimmauld Place
Harry Potter
99.5%
The Order of the Phoenix
Harry Potter
99.5%
The Ministry of Magic
Harry Potter
99.5%
The Hearing
Harry Potter
99.5%
The Woes of Mrs. Weasley
Harry Potter
99.5%
Luna Lovegood
Harry Potter
99.5%
The Sorting Hat's New Song
Harry Potter
99.5%
Professor Umbridge
Harry Potter
99.5%
Detention with Dolores
Harry Potter
99.5%
Percy and Padfoot
Harry Potter
99.5%
In the Hog's Head
Harry Potter
99.5%
Educational Decree Number Twenty-
Four
Harry Potter
99.5%
Dumbledore's Army
Harry Potter
99.5%
The Lion and the Serpent
Harry Potter
99.5%
Hagrid's Tale
Harry Potter
99.5%
The Eye of the Snake
Harry Potter
99.5%
St. Mungo's Hospital for Magical ...
Harry Potter
99.5%
Christmas on the Closed Ward
Harry Potter
99.5%
Occlumency
Harry Potter
99.5%
The Beetle at Bay
Harry Potter
99.5%
Seen and Unforeseen
Harry Potter
99.5%
Career Advice
Harry Potter
99.5%
Grawp
Harry Potter
99.5%
O.W.L.s
Harry Potter
99.5%
Out of the Fire
Harry Potter
99.5%
Fight and Flight
Harry Potter
99.5%
The Department of Mysteries
Harry Potter
99.5%
Beyond the Veil
Harry Potter
99.5%
The Only One He Ever Feared
Harry Potter
99.5%
The Lost Prophecy
Harry Potter
99.5%
The Advance Guard
Ron Weasley
98.7%
The Ministry of Magic
Ron Weasley
98.7%
Detention with Dolores
Ron Weasley
98.7%
Percy and Padfoot
Ron Weasley
98.7%
Educational Decree Number Twenty-
Four
Ron Weasley
98.7%
Chapter
Characters
% Correct
Hagrid's Tale
Ron Weasley
98.7%
St. Mungo's Hospital for Magical ...
Ron Weasley
98.7%
The Beetle at Bay
Ron Weasley
98.7%
O.W.L.s
Ron Weasley
98.7%
The Order of the Phoenix
Albus Dumbledore
97.7%
The Hearing
Albus Dumbledore
97.7%
The Woes of Mrs. Weasley
Albus Dumbledore
97.7%
Christmas on the Closed Ward
Albus Dumbledore
97.7%
Snape's Worst Memory
Albus Dumbledore
97.7%
The Lost Prophecy
Albus Dumbledore
97.7%
The Second War Begins
Albus Dumbledore
97.7%
The Noble and Most Ancient House of ...
Hermione Granger
97.5%
Percy and Padfoot
Hermione Granger
97.5%
The Hogwarts High Inquisitor
Hermione Granger
97.5%
In the Hog's Head
Hermione Granger
97.5%
Educational Decree Number Twenty-
Four
Hermione Granger
97.5%
Hagrid's Tale
Hermione Granger
97.5%
The Eye of the Snake
Hermione Granger
97.5%
The Beetle at Bay
Hermione Granger
97.5%
The Centaur and the Sneak
Hermione Granger
97.5%
Career Advice
Hermione Granger
97.5%
O.W.L.s
Hermione Granger
97.5%
Fight and Flight
Hermione Granger
97.5%
Dudley Demented
Vernon Dursley
96%
Dudley Demented
Petunia Dursley
95.3%
The Advance Guard
Sirius Black
95.3%
The Order of the Phoenix
Sirius Black
95.3%
Occlumency
Sirius Black
94.9%
The Only One He Ever Feared
Sirius Black
94.9%
The Lost Prophecy
Sirius Black
94.9%
Detention with Dolores
Dolores Umbridge
94.5%
The Hogwarts High Inquisitor
Dolores Umbridge
94.5%
In the Hog's Head
Dolores Umbridge
94.5%
Dumbledore's Army
Dolores Umbridge
94.5%
The Lion and the Serpent
Dolores Umbridge
94.5%
Snape's Worst Memory
Dolores Umbridge
94.5%
Fight and Flight
Dolores Umbridge
94.5%
Grawp
Fred Weasley
92.7%
Chapter
Characters
% Correct
Grawp
George Weasley
92.5%
Number Twelve, Grimmauld Place
Remus Lupin
92.4%
The Only One He Ever Feared
Remus Lupin
92.4%
The Noble and Most Ancient House of ...
Ginny Weasley
91.8%
Beyond the Veil
Ginny Weasley
91.8%
The Sorting Hat's New Song
Luna Lovegood
91.5%
Seen and Unforeseen
Luna Lovegood
91.5%
The Department of Mysteries
Luna Lovegood
91.5%
Career Advice
Severus Snape
91.1%
The Noble and Most Ancient House of ...
Molly Weasley
90.9%
The Ministry of Magic
Molly Weasley
90.9%
Luna Lovegood
Molly Weasley
90.9%
The Department of Mysteries
Neville Longbottom
90.5%
Christmas on the Closed Ward
Lord Voldemort
87.4%
The Second War Begins
Lord Voldemort
87.4%
Number Twelve, Grimmauld Place
Alastor Moody
86.9%
The Hearing
Cornelius Fudge
86.8%
The Woes of Mrs. Weasley
Cornelius Fudge
86.8%
Snape's Worst Memory
Cornelius Fudge
86.8%
The Second War Begins
Cornelius Fudge
86.8%
The Eye of the Snake
Rubeus Hagrid
84.2%
St. Mungo's Hospital for Magical ...
Minerva McGonagall
80.8%
A Peck of Owls
Arabella Figg
79.8%
Professor Umbridge
Seamus Finnigan
74.4%
The Centaur and the Sneak
Sybill Trelawney
74%
Professor Umbridge
Dean Thomas
74%
The Hogwarts High Inquisitor
Percy Weasley
73.2%
Dumbledore's Army
Hedwig
71.2%
Beyond the Veil
Lucius Malfoy
71%
Luna Lovegood
Kreacher
69.4%
Occlumency
Kreacher
69.4%
Out of the Fire
Poppy Pomfrey
47%
The Centaur and the Sneak
Parvati Patil
44.6%
Seen and Unforeseen
Rita Skeeter
40.7%
A Peck of Owls
Mr. Tibbles
28.5%
Out of the Fire
Professor Tofty
27.1%
The Sorting Hat's New Song
Wilhelmina Grubbly-Plank
26.3%
The Lion and the Serpent
Wilbert Slinkhard
12.4%
Quiz Playlist
Details
Report
Send in Message
Add To Playlist
Classic:
Type in answers that appear in a list
Last Updated: Feb 16, 2017
Quiz Scoreboard
CHALLENGE
Sign Up to Join the Scoreboard
Show All
Scores
Hide
Comments
May contain spoilers
Recently Published
Presidents Visiting Landmarks
by Hejman
History
7m
An Introduction to Baseball
by treessimontrees
Sports
5m
Movies - When Are They Set?
by FPL_Elf
Movies
5m
More to Explore
Quiz From the Vault
Featured Blog Post
Where Did the Easter Bunny Come From?
hide this ad
You Might Also Like...
Tags
Harry Potter Quiz
Today's Top Quizzes in Literature
Browse Literature
hide this ad
Today's Top Quizzes in Harry Potter
Browse Harry Potter
Top Contributed Quizzes in Literature
1
Sneaky Slytherin Logic Puzzle
2
Get The Picture: Black or White Literature
3
A Court of Thorns and Roses (ACoTaR) Logic Puzzle
4
5-to-1: Plays
5
One Thing in Common: Literature
6
One Thing in Common: Literature 3
7
One Thing in Common: Literature II
8
Harry Potter Neighbourly Logic Puzzle #5
9
One Thing in Common: Books
10
Harry Potter Neighbourly Logic Puzzle #6
Explore More
Trending Topics
Harry Potter
Kpop
Anime
NBA
Disney
Crossword
Marvel
Puzzle
WWE
NFL
Country
Pokémon
Soccer
Song
The Office
hide this ad
More By:
dudemanbearpig
Quiz
Plays
Rating
Category
Featured
Created
WWE Royal Rumble Final Four
309,033
4.45
Sports
Dec 1, 2009
Top 50 Females in Harry Potter
137,452
4.67
Literature
May 10, 2012
Top 25 Non-Humans in Harry Potter
68,936
4.83
Literature
Apr 30, 2012
WrestleMania: 5+ in a Row
63,498
4.54
Sports
Apr 3, 2012
Black WWE PPV Competitors
14,899
4.34
Sports
Nov 6, 2011
Go to Creator's Profile
Score Distribution
Quiz Creator Spotlight
dudemanbearpig
Follow
Send a Message
Quizzes Created
-
Created Quiz Play Count
-
More By This Creator
Popular Quizzes Today
1
Find the US States - No Outlines Minefield
2
Find the Countries of Europe - No Outlines Minefield
3
The Countries of the World
4
Find the US States
5
Popular People in 1961
6
US States
7
Risky Map Clicking: Biggest States A-Z
8
Movies - When Are They Set?
More Literature Quizzes
Missing Word in Movies: Literary Character
Editor's Pick
Trending Quizzes
Risky Map Clicking: Least Populous States A-Z
1-10 Letter G Words
1-10 Letter F Words
Risky Map Clicking: Next State Alphabetically
Risky Map Clicking: Biggest States A-Z
Recently Updated
Leaping Animals
pecheneg
Reality TV Shows (A-Z)
bhenderson79
Rickey Henderson's Hall of Fame Teammates
pecheneg
Champions League XIs: Arsenal
pecheneg
Quick Pick: Celebrities in WWE's Hall of Fame
aduchscher
A-Z Keypad Blitz II
pecheneg
Multiple Oscar Actors
pecheneg
Mystery Phrase Blitz: Oscar 'Best Actors'
pecheneg
F. Scott Fitzgerald Novels
LTH
Pick 3 Villains
ddd62291
Trending Topics
Marvel
Disney
Kpop
NBA
Crossword
Anime
Harry Potter
Country
Pokémon
WWE
Puzzle
Soccer
Song
The Office
NFL
Your Account Isn't Verified!
In order to create a playlist on Sporcle, you need to verify the email address you used during registration. Go to your
Sporcle Settings
to finish the process.
Report this User
Report this user for behavior that violates our
Community Guidelines
.
Details:
Send Report
Go to the Sporcle.com Mobile Site →
Comments